Countries that Start with N - Shape Quiz - Statistics

General Stats
  • This quiz has been taken 32 times
  • The average score is 10 of 11
Answer Stats
Picture Answer % Correct
Nepal
100%
New Zealand
100%
Namibia
96%
Norway
96%
Nauru
93%
Nicaragua
85%
Netherlands
81%
Niger
78%
Nigeria
78%
North Korea
78%
North Macedonia
74%
No matching quizzes found
Score Distribution
Percent of People with Each Score
Percentile by Number Answered
Your Score History
You have not taken this quiz